[Event "Pardubice Czech op-A 28th"]
[Site "Pardubice"]
[Date "2017.07.26"]
[Round "6"]
[White "Mitra, Roman"]
[Black "Bergauz, Noam"]
[Result "0-1"]
[WhiteElo "2100"]
[BlackElo "2309"]
[PlyCount "100"]
[EventDate "2017.07.21"]
[EventType "swiss"]
[EventRounds "9"]
[EventCountry "CZE"]
[SourceTitle "CBM 179 Extra"]
[Source "ChessBase"]
[SourceDate "2017.08.23"]
[SourceVersion "1"]
[SourceVersionDate "2017.08.23"]
[SourceQuality "1"]

1. e4 e6 2. e5 d5 3. exd6 Bxd6 4. d4 Ne7 5. Nf3 b6 6. Bd3 Bb7 7. Nbd2 Nd7 8. Nc4 Nf6 9. 0-0 Ng6 10. Qe2 0-0 11. Nce5 c5 12. dxc5 bxc5 13. Nxg6 hxg6 14. Bg5 Qc7 15. Bxf6 gxf6 16. Be4 Kg7 17. Bxb7 Qxb7 18. Rad1 Rad8 19. b3 Rh8 20. Rd2 Qb4 21. g3 Bc7 22. Rfd1 Rxd2 23. Rxd2 Rd8 24. Rxd8 Bxd8 25. Qd3 Ba5 26. c4 Qa3 27. Qc2 e5 28. g4 Qb4 29. Qe2 Qc3 30. Kg2 Qc1 31. Qe4 Bc3 32. h4 a5 33. h5 Qh6 34. hxg6 Qxg6 35. Qxg6+ fxg6 36. Nh4 Kh6 37. Kg3 Bd2 38. Kf3 Kg5 39. Ng2 f5 40. gxf5 gxf5 41. Ke2 Bc1 42. f3 e4 43. fxe4 fxe4 44. Ne1 Kf4 45. Nc2 e3 46. Ne1 Ke4 47. Nd3 Ba3 48. b4 Bxb4 49. a4 Kd4 50. Nc1 Bd2 0-1

[Event "Pardubice Czech op-A 28th"]
[Site "Pardubice"]
[Date "2017.07.22"]
[Round "2"]
[White "Vykouk, Jan"]
[Black "Bergauz, Noam"]
[Result "1-0"]
[WhiteElo "2430"]
[BlackElo "2309"]
[PlyCount "103"]
[EventDate "2017.07.21"]
[EventType "swiss"]
[EventRounds "9"]
[EventCountry "CZE"]
[SourceTitle "CBM 179 Extra"]
[Source "ChessBase"]
[SourceDate "2017.08.23"]
[SourceVersion "1"]
[SourceVersionDate "2017.08.23"]
[SourceQuality "1"]

1. e4 c6 2. d4 d5 3. Nd2 dxe4 4. Nxe4 Bf5 5. Ng3 Bg6 6. h4 h6 7. Nf3 Nd7 8. h5 Bh7 9. Bd3 Bxd3 10. Qxd3 e6 11. Bd2 Ngf6 12. 0-0-0 Be7 13. Kb1 0-0 14. Ne4 Nxe4 15. Qxe4 Nf6 16. Qe2 Qd5 17. Rdg1 Ne4 18. Bc1 c5 19. c4 Qf5 20. Ka1 Qg4 21. Re1 f5 22. Qf1 Bf6 23. Rh3 Ng5 24. Rh4 Nxf3 25. Rxg4 Nxe1 26. Rg6 Nc2+ 27. Kb1 Nxd4 28. Bxh6 Kf7 29. Bg5 Bxg5 30. Rxg5 Rad8 31. Qe1 Nc6 32. a3 Rd3 33. Qe2 Rfd8 34. h6 g6 35. h7 Rd1+ 36. Ka2 Rh1 37. Rg3 Rxh7 38. Rd3 Rhh8 39. Rxd8 Rxd8 40. Qe3 Rd4 41. Qh6 b6 42. Qh7+ Kf6 43. Qh8+ Kf7 44. Qa8 Ne5 45. Qxa7+ Kf6 46. Qxb6 Rd2 47. Qxc5 Rxb2+ 48. Ka1 Rc2 49. f4 Nf7 50. Qd4+ Ke7 51. c5 g5 52. g3 1-0

[Event "GER-ch U16"]
[Site "Willingen"]
[Date "2016.05.21"]
[Round "9"]
[White "Bergauz, Noam"]
[Black "Buckels, Valentin"]
[Result "0-1"]
[WhiteElo "2262"]
[BlackElo "2187"]
[PlyCount "76"]
[EventDate "2016.05.15"]
[EventType "swiss"]
[EventRounds "9"]
[EventCountry "GER"]
[SourceTitle "CBM 172 Extra"]
[Source "ChessBase"]
[SourceDate "2016.06.21"]
[SourceVersion "1"]
[SourceVersionDate "2016.06.21"]
[SourceQuality "1"]

1. e4 e5 2. Nf3 Nc6 3. d4 exd4 4. Nxd4 Nf6 5. Nxc6 bxc6 6. e5 Qe7 7. Qe2 Nd5 8. c4 Ba6 9. b3 0-0-0 10. Bb2 Qg5 11. Nd2 Bb4 12. a3 Nf4 13. Qe3 Bxd2+ 14. Qxd2 Nxg2+ 15. Bxg2 Qxg2 16. 0-0-0 Bb7 17. Qf4 Qh3 18. Qg3 Qf5 19. Qxg7 Qxf2 20. Qg3 Qxg3 21. hxg3 c5 22. Rh4 Rhg8 23. Rg1 h5 24. Rxh5 Be4 25. Rh4 Bf5 26. Bc3 Rde8 27. Rf4 Rg5 28. Rf3 Be6 29. Re3 Rh8 30. Re2 Rh3 31. Be1 Kb7 32. Rgg2 Rhh5 33. Bc3 Rh1+ 34. Kb2 Rh3 35. Re3 Rf5 36. Ree2 Rf3 37. Be1 Rh1 38. Ref2 Rxf2+ 0-1

[Event "GER-chT U20"]
[Site "Osnabrueck"]
[Date "2015.12.29"]
[Round "6.1"]
[White "Bergauz, Noam"]
[Black "Friedrich, Wiede"]
[Result "0-1"]
[WhiteElo "2234"]
[BlackElo "2228"]
[PlyCount "102"]
[EventDate "2015.12.27"]
[EventType "team-swiss"]
[EventRounds "7"]
[EventCountry "GER"]
[SourceTitle "EXT 2017"]
[Source "ChessBase"]
[SourceDate "2016.10.25"]
[SourceVersion "1"]
[SourceVersionDate "2016.10.25"]
[SourceQuality "1"]
[WhiteTeam "Muenchen Suedost"]
[BlackTeam "Potsdam"]
[WhiteTeamCountry "GER"]
[BlackTeamCountry "GER"]

1. e4 e6 2. d4 d5 3. Nd2 c5 4. Ngf3 Nc6 5. exd5 exd5 6. Bb5 Qe7+ 7. Be2 g5 8. 0-0 g4 9. Ne5 Nxd4 10. Bxg4 Bxg4 11. Nxg4 0-0-0 12. Nf3 Ne2+ 13. Kh1 Nxc1 14. Rxc1 Nf6 15. Ne3 Qd7 16. Qd3 Bh6 17. Rcd1 Rhe8 18. Qf5 Qxf5 19. Nxf5 Bf4 20. g3 Bc7 21. Rfe1 Ne4 22. Kg2 Re6 23. c3 Ba5 24. Ne3 d4 25. Nc4 dxc3 26. Nxa5 Rxd1 27. Rxd1 cxb2 28. Rb1 Ra6 29. Nc4 Rxa2 30. Rxb2 Rxb2 31. Nxb2 b5 32. Ne5 a5 33. Nc6 Kc7 34. Nxa5 Nd2 35. Nd3 Kb6 36. Nb7 Kxb7 37. Nxc5+ Kc6 38. Nd3 Kd5 39. f4 Kd4 40. Ne5 b4 41. Nc6+ Kc3 42. Nxb4 Kxb4 43. Kh3 Kc5 44. Kg4 Kd5 45. Kg5 Ne4+ 46. Kh6 Nf6 47. h3 Ke4 48. Kg7 Nh5+ 49. Kxf7 Nxg3 50. Kg7 h5 51. Kg6 Kxf4 0-1

[Event "GER-chT U20"]
[Site "Osnabrueck"]
[Date "2015.12.27"]
[Round "1.1"]
[White "Riess, Alexander"]
[Black "Bergauz, Noam"]
[Result "1/2-1/2"]
[WhiteElo "2212"]
[BlackElo "2234"]
[PlyCount "60"]
[EventDate "2015.12.27"]
[EventType "team-swiss"]
[EventRounds "7"]
[EventCountry "GER"]
[SourceTitle "EXT 2017"]
[Source "ChessBase"]
[SourceDate "2016.10.25"]
[SourceVersion "1"]
[SourceVersionDate "2016.10.25"]
[SourceQuality "1"]
[WhiteTeam "Luebeck"]
[BlackTeam "Muenchen Suedost"]
[WhiteTeamCountry "GER"]
[BlackTeamCountry "GER"]

1. d4 Nf6 2. c4 g6 3. Nc3 Bg7 4. e4 d6 5. Nf3 0-0 6. Be2 Bg4 7. Be3 Nfd7 8. Rc1 e5 9. d5 a5 10. 0-0 Na6 11. a3 f5 12. Rb1 Bxf3 13. Bxf3 f4 14. Bd2 Nb6 15. b3 Qd7 16. Qe2 Nc5 17. b4 axb4 18. axb4 Nca4 19. Nb5 c6 20. dxc6 bxc6 21. Nc3 Nxc3 22. Bxc3 Qf7 23. c5 Na4 24. Rbc1 dxc5 25. bxc5 Nxc5 26. Bb4 Nb3 27. Bxf8 Nxc1 28. Rxc1 Bxf8 29. Qc2 Qc7 30. h3 c5 1/2-1/2

[Event "GER Cup"]
[Site "Wiesbaden/Niedernhausen"]
[Date "2015.06.05"]
[Round "3.5"]
[White "Bergauz, Noam"]
[Black "Buchal, Stephan"]
[Result "1-0"]
[WhiteElo "2301"]
[BlackElo "2259"]
[PlyCount "119"]
[EventDate "2015.06.04"]
[EventType "k.o."]
[EventRounds "5"]
[EventCountry "GER"]
[SourceTitle "EXT 2017"]
[Source "ChessBase"]
[SourceDate "2016.10.25"]
[SourceVersion "1"]
[SourceVersionDate "2016.10.25"]
[SourceQuality "1"]

1. e4 g6 2. d4 Bg7 3. Nc3 d6 4. Nge2 Nf6 5. g3 0-0 6. Bg2 Nbd7 7. h3 Rb8 8. a4 c5 9. 0-0 b6 10. Be3 a6 11. a5 cxd4 12. Nxd4 Bb7 13. axb6 Nxb6 14. Qe2 Qc7 15. Rfd1 Rfd8 16. Na4 Nc4 17. Bc1 e5 18. Nb3 Rbc8 19. Nac5 dxc5 20. Rxd8+ Rxd8 21. Qxc4 Rd1+ 22. Kh2 Nd7 23. Bf3 Rd6 24. Be3 Rf6 25. Bg4 Nb6 26. Qxc5 Rc6 27. Qb4 Nc4 28. Bc5 Nd6 29. Rd1 Bf8 30. Rd5 Nxe4 31. Rd7 Rxc5 32. Rxc7 Rxc7 33. Qb6 Re7 34. Na5 Bd5 35. c4 Be6 36. Nc6 Re8 37. Nxe5 f5 38. Bf3 Ng5 39. Bc6 Re7 40. f4 Ne4 41. Bxe4 fxe4 42. Qd4 Rb7 43. c5 e3 44. Kg2 Rb5 45. Nd3 Bf5 46. b4 h5 47. c6 e2 48. Kf2 Kh7 49. Kxe2 Bxh3 50. c7 Bg4+ 51. Kd2 a5 52. bxa5 Rxa5 53. Qd8 Ra2+ 54. Kc3 Bg7+ 55. Ne5 Ra1 56. Kb2 Rg1 57. Kc2 Bf5+ 58. Kd2 Rg2+ 59. Ke1 Rxg3 60. Nd7 1-0

[Event "GER-ch U16"]
[Site "Willingen"]
[Date "2015.05.27"]
[Round "6"]
[White "Urban, Konstantin"]
[Black "Bergauz, Noam"]
[Result "1/2-1/2"]
[WhiteElo "2119"]
[BlackElo "2240"]
[PlyCount "96"]
[EventDate "2015.05.24"]
[EventType "swiss"]
[EventRounds "9"]
[EventCountry "GER"]
[SourceTitle "CBM 166 Extra"]
[Source "ChessBase"]
[SourceDate "2015.06.18"]
[SourceVersion "1"]
[SourceVersionDate "2015.06.18"]
[SourceQuality "1"]

1. e4 e5 2. Nf3 Nc6 3. d4 exd4 4. Nxd4 Nf6 5. Nxc6 bxc6 6. e5 Qe7 7. Qe2 Nd5 8. c4 Nb6 9. b3 Bb7 10. Bb2 g6 11. Nd2 Bg7 12. f4 c5 13. Nf3 0-0-0 14. 0-0-0 Rhe8 15. g3 g5 16. Bg2 gxf4 17. gxf4 Bh6 18. Ng5 Bxg5 19. Bxb7+ Kb8 20. Qf3 Bxf4+ 21. Qxf4 Kxb7 22. Rhf1 d6 23. exd6 Rxd6 24. Rxd6 cxd6 25. Qxf7 Kc7 26. Qxe7+ Rxe7 27. Kd2 d5 28. cxd5 Nxd5 29. Ba3 Kd6 30. Rc1 Nb4 31. Bxb4 cxb4 32. Kd3 Rg7 33. Rc2 Rg4 34. Rc4 Rg2 35. Rh4 Rxa2 36. Rxh7 a5 37. Kc4 Rc2+ 38. Kb5 Rb2 39. Rh3 Ra2 40. Rh6+ Ke7 41. Rh7+ Kf6 42. Rh6+ Ke7 43. Ra6 Rb2 44. Ka4 Ra2+ 45. Kb5 Rb2 46. Rxa5 Rxb3 47. Ra4 Rb2 48. Rxb4 Rxh2 1/2-1/2

[Event "GER-ch U16"]
[Site "Willingen"]
[Date "2015.05.26"]
[Round "4"]
[White "Kololli, Martin"]
[Black "Bergauz, Noam"]
[Result "1/2-1/2"]
[WhiteElo "2189"]
[BlackElo "2240"]
[PlyCount "65"]
[EventDate "2015.05.24"]
[EventType "swiss"]
[EventRounds "9"]
[EventCountry "GER"]
[SourceTitle "CBM 166 Extra"]
[Source "ChessBase"]
[SourceDate "2015.06.18"]
[SourceVersion "1"]
[SourceVersionDate "2015.06.18"]
[SourceQuality "1"]

1. e4 e6 2. d4 d5 3. Nd2 Nf6 4. Bd3 c5 5. c3 Nc6 6. Ngf3 cxd4 7. cxd4 dxe4 8. Nxe4 Be7 9. 0-0 0-0 10. Nc3 Nb4 11. Bb1 b6 12. a3 Nbd5 13. Re1 Bb7 14. Qd3 Rc8 15. Bg5 g6 16. Bh6 Re8 17. Ne5 Bf8 18. Bg5 Bg7 19. Ba2 h6 20. Bd2 Nh5 21. Bxd5 Bxd5 22. Qh3 Qf6 23. Qg4 Bb7 24. Ne4 Bxe4 25. Qxe4 Qd8 26. Rac1 Rxc1 27. Rxc1 Qd5 28. Qxd5 exd5 29. g4 Bxe5 30. dxe5 Ng7 31. Bxh6 Rxe5 32. Rc8+ Kh7 33. Bxg7 1/2-1/2

[Event "Stuttgart-chA op"]
[Site "Ditzingen"]
[Date "2015.05.15"]
[Round "4"]
[White "Gibicar, Danijel"]
[Black "Bergauz, Noam"]
[Result "1/2-1/2"]
[WhiteElo "2233"]
[BlackElo "2296"]
[PlyCount "48"]
[EventDate "2015.05.14"]
[EventType "swiss"]
[EventRounds "7"]
[EventCountry "GER"]
[SourceTitle "EXT 2018"]
[Source "ChessBase"]
[SourceDate "2017.10.13"]
[SourceVersion "1"]
[SourceVersionDate "2017.10.13"]
[SourceQuality "1"]

1. e4 e6 2. d4 d5 3. Nc3 Bb4 4. e5 Ne7 5. a3 Bxc3+ 6. bxc3 b6 7. h4 c5 8. Bb5+ Bd7 9. Bd3 Qc7 10. Nf3 Nbc6 11. 0-0 h6 12. h5 c4 13. Be2 0-0-0 14. a4 f6 15. Ba3 Be8 16. exf6 Nf5 17. Nh2 gxf6 18. Bg4 Qf7 19. Bxf5 exf5 20. Re1 Qxh5 21. Qxh5 Bxh5 22. Re6 Be8 23. Rxf6 Bd7 24. Bc1 Rde8 1/2-1/2

[Event "Bayernliga U20 1415"]
[Site "Bayern"]
[Date "2015.03.21"]
[Round "6.1"]
[White "Ott, Florian"]
[Black "Bergauz, Noam"]
[Result "1/2-1/2"]
[WhiteElo "2267"]
[BlackElo "2236"]
[PlyCount "127"]
[EventDate "2014.11.15"]
[EventType "team-tourn"]
[EventRounds "7"]
[EventCountry "GER"]
[SourceTitle "EXT 2022"]
[Source "ChessBase"]
[SourceDate "2021.10.06"]
[SourceVersion "1"]
[SourceVersionDate "2021.10.06"]
[SourceQuality "1"]
[WhiteTeam "Forchheim SC U20"]
[BlackTeam "Muenchen Suedost SK U20"]
[WhiteTeamCountry "GER"]
[BlackTeamCountry "GER"]

1. d4 Nf6 2. c4 g6 3. Nc3 Bg7 4. e4 d6 5. Be2 0-0 6. Bg5 h6 7. Be3 Nbd7 8. Qd2 c5 9. Nf3 Ng4 10. Bf4 cxd4 11. Nxd4 Nxf2 12. 0-0 e5 13. Rxf2 exf4 14. Ndb5 Nc5 15. Rd1 Ne6 16. Bg4 Qg5 17. Bxe6 Bxe6 18. Qxf4 Qxf4 19. Rxf4 Bxc4 20. Nxd6 Be6 21. Nxb7 Rab8 22. Nc5 Rxb2 23. Nxe6 fxe6 24. Rxf8+ Kxf8 25. Rd3 Rc2 26. Nb5 Rxa2 27. Rd7 Be5 28. Nc7 Bxc7 29. Rxc7 Ra4 30. e5 Ra5 31. Kf2 Rxe5 32. Rxa7 Rf5+ 33. Ke3 Rf7 34. Ra8+ Kg7 35. Re8 Kf6 36. Kf4 Rb7 37. Rf8+ Kg7 38. Re8 Kf7 39. Rh8 Rb4+ 40. Ke5 Rb5+ 41. Ke4 h5 42. g3 Kf6 43. Rf8+ Kg5 44. Re8 Rb2 45. Kf3 Kf5 46. Rf8+ Ke5 47. Rg8 Rb3+ 48. Kg2 Kf5 49. Rf8+ Ke5 50. Rg8 Rb2+ 51. Kf3 Rxh2 52. Rxg6 Kd5 53. Rg8 h4 54. Rd8+ Ke5 55. gxh4 Rxh4 56. Ra8 Rh3+ 57. Ke2 Rc3 58. Kd2 Rb3 59. Ke2 Kf5 60. Ra5+ e5 61. Ra4 Rg3 62. Kf2 Rh3 63. Ke2 Rg3 64. Kf2 1/2-1/2

[Event "Landesliga Sued 1415"]
[Site "Bayern"]
[Date "2015.03.15"]
[Round "8.4"]
[White "Kleibel, Uwe"]
[Black "Bergauz, Noam"]
[Result "1-0"]
[WhiteElo "2192"]
[BlackElo "2236"]
[PlyCount "91"]
[EventDate "2014.10.19"]
[EventType "team-tourn"]
[EventRounds "9"]
[EventCountry "GER"]
[SourceTitle "EXT 2018"]
[Source "ChessBase"]
[SourceDate "2017.10.13"]
[SourceVersion "1"]
[SourceVersionDate "2017.10.13"]
[SourceQuality "1"]
[WhiteTeam "Roehrnbach"]
[BlackTeam "Muenchen Suedost"]
[WhiteTeamCountry "GER"]
[BlackTeamCountry "GER"]

1. e4 e6 2. d4 d5 3. Nd2 Nf6 4. e5 Nfd7 5. f4 c5 6. c3 Nc6 7. Ndf3 Qb6 8. a3 a5 9. b3 Be7 10. h4 f6 11. Bd3 Qc7 12. Ne2 Na7 13. 0-0 0-0 14. Bc2 b5 15. Be3 f5 16. g4 fxg4 17. Ng5 Bxg5 18. hxg5 c4 19. b4 Nc6 20. Ng3 g6 21. Qxg4 Nb6 22. Qh4 Ne7 23. Nh1 Nf5 24. Qh3 Qf7 25. Bd2 Qa7 26. Rac1 axb4 27. axb4 Qg7 28. Ra1 Bb7 29. Nf2 Nd7 30. Ng4 Rxa1 31. Rxa1 Ra8 32. Rxa8+ Bxa8 33. Qf1 Qf8 34. Qa1 Qb8 35. Qa6 Kf7 36. Nf6 Nxf6 37. Bxf5 gxf5 38. exf6 Qb7 39. Qd6 Qa7 40. Kf2 Qb7 41. Qd8 e5 42. fxe5 f4 43. Bxf4 Qa6 44. Qe7+ Kg6 45. f7 Qa2+ 46. Kf3 1-0

[Event "Landesliga Sued 1415"]
[Site "Bayern"]
[Date "2015.02.01"]
[Round "6.4"]
[White "Zur Lage, Julian"]
[Black "Bergauz, Noam"]
[Result "1/2-1/2"]
[WhiteElo "2084"]
[BlackElo "2236"]
[PlyCount "63"]
[EventDate "2014.10.19"]
[EventType "team-tourn"]
[EventRounds "9"]
[EventCountry "GER"]
[SourceTitle "EXT 2018"]
[Source "ChessBase"]
[SourceDate "2017.10.13"]
[SourceVersion "1"]
[SourceVersionDate "2017.10.13"]
[SourceQuality "1"]
[WhiteTeam "Muenchen Tarrasch"]
[BlackTeam "Muenchen Suedost"]
[WhiteTeamCountry "GER"]
[BlackTeamCountry "GER"]

1. d4 Nf6 2. Nf3 g6 3. c4 Bg7 4. Nc3 0-0 5. e4 d6 6. Be2 Bg4 7. Be3 Nfd7 8. Rc1 e5 9. d5 a5 10. a3 Na6 11. Nd2 Bxe2 12. Qxe2 f5 13. f3 Bh6 14. 0-0 Bxe3+ 15. Qxe3 f4 16. Qe2 c6 17. Kh1 Ndc5 18. b3 Qf6 19. Rb1 Nd7 20. Rfd1 Nac5 21. b4 axb4 22. axb4 Na4 23. Nxa4 Rxa4 24. c5 dxc5 25. dxc6 Qxc6 26. Qc4+ Rf7 27. b5 Rxc4 28. bxc6 Rd4 29. cxb7 Nb8 30. Nb3 Rxd1+ 31. Rxd1 Rxb7 32. Nxc5 1/2-1/2

[Event "GER-chT U16"]
[Site "Magdeburg"]
[Date "2014.12.28"]
[Round "4.1"]
[White "Bergauz, Noam"]
[Black "Sabirov, Ramil"]
[Result "1-0"]
[WhiteElo "2230"]
[BlackElo "1981"]
[PlyCount "95"]
[EventDate "2014.12.27"]
[EventType "team-swiss"]
[EventRounds "7"]
[EventCountry "GER"]
[SourceTitle "EXT 2016"]
[Source "ChessBase"]
[SourceDate "2015.10.08"]
[SourceVersion "1"]
[SourceVersionDate "2015.10.08"]
[SourceQuality "1"]
[WhiteTeam "Muenchen Suedost"]
[BlackTeam "Porz SG"]
[WhiteTeamCountry "GER"]
[BlackTeamCountry "GER"]

1. e4 c5 2. Nf3 Nc6 3. d4 cxd4 4. Nxd4 Qb6 5. Nb3 Nf6 6. Nc3 e6 7. Be3 Qc7 8. a3 Be7 9. g3 a6 10. Bg2 0-0 11. 0-0 d6 12. Na4 b5 13. Nb6 Rb8 14. Nxc8 Rfxc8 15. f4 a5 16. a4 bxa4 17. Rxa4 Rb4 18. Rxb4 axb4 19. g4 Nd7 20. Qe2 Na5 21. Ra1 Nxb3 22. cxb3 Nc5 23. Rc1 Rb8 24. Qc4 Qa5 25. f5 Bf6 26. Qc2 h6 27. Qd1 Qb6 28. Qe2 e5 29. Ra1 Qd8 30. Qc4 Bg5 31. Bf2 Bh4 32. Be3 Bg5 33. Bf2 Bh4 34. Bxc5 dxc5 35. Qxc5 Qd4+ 36. Qxd4 exd4 37. Bf1 Rc8 38. Bc4 Re8 39. Bd5 Bg5 40. Kf2 d3 41. h4 Bxh4+ 42. Ke3 Be7 43. Kxd3 Bc5 44. Ra5 Rc8 45. Rb5 Rc7 46. Ra5 Kh7 47. Bxf7 Rxf7 48. Rxc5 1-0

[Event "GER-ch U14"]
[Site "Magdeburg"]
[Date "2014.06.13"]
[Round "8"]
[White "Reuker, Jari"]
[Black "Bergauz, Noam"]
[Result "1-0"]
[WhiteElo "1912"]
[BlackElo "2240"]
[PlyCount "55"]
[EventDate "2014.06.08"]
[EventType "swiss"]
[EventRounds "9"]
[EventCountry "GER"]
[SourceTitle "CBM 160 Extra"]
[Source "ChessBase"]
[SourceDate "2014.07.01"]
[SourceVersion "1"]
[SourceVersionDate "2014.07.01"]
[SourceQuality "1"]

1. e4 e6 2. d4 d5 3. Nd2 Nf6 4. e5 Nfd7 5. Bd3 c5 6. c3 Nc6 7. Ne2 cxd4 8. cxd4 f6 9. Nf4 Nxd4 10. Qh5+ Ke7 11. exf6+ Nxf6 12. Ng6+ hxg6 13. Qxh8 Kf7 14. 0-0 e5 15. Nb3 Nxb3 16. axb3 e4 17. Be2 Be6 18. Bf4 Qb6 19. Rfc1 Qxb3 20. Rc7+ Bd7 21. Be5 Bd6 22. Rxd7+ Ke6 23. Rxd6+ Kxe5 24. Qxa8 Qxb2 25. Qxa7 Kxd6 26. Qa3+ Qxa3 27. Rxa3 d4 28. Kf1 1-0

[Event "GER-ch U14"]
[Site "Magdeburg"]
[Date "2014.06.10"]
[Round "4"]
[White "Bergauz, Noam"]
[Black "Herbrig, Alexander"]
[Result "0-1"]
[WhiteElo "2240"]
[BlackElo "1948"]
[PlyCount "130"]
[EventDate "2014.06.08"]
[EventType "swiss"]
[EventRounds "9"]
[EventCountry "GER"]
[SourceTitle "CBM 160 Extra"]
[Source "ChessBase"]
[SourceDate "2014.07.01"]
[SourceVersion "1"]
[SourceVersionDate "2014.07.01"]
[SourceQuality "1"]

1. e4 c5 2. Nf3 e6 3. d4 cxd4 4. Nxd4 a6 5. Bd3 Qc7 6. 0-0 Nf6 7. c4 Be7 8. Nc3 0-0 9. Qe2 d6 10. Kh1 Nc6 11. Be3 Ne5 12. h3 Nxd3 13. Qxd3 Bd7 14. Rac1 Rac8 15. b3 Rfd8 16. Rfd1 h6 17. f4 Qa5 18. a4 Bc6 19. b4 Qxb4 20. Rb1 Qa5 21. Nxc6 Rxc6 22. Rxb7 Nd7 23. e5 d5 24. Nxd5 exd5 25. cxd5 Rc3 26. Qe4 Nc5 27. Bxc5 Qxc5 28. d6 Bf8 29. Kh2 Qc6 30. Qxc6 Rxc6 31. Rc7 Rb6 32. Rd5 Rb4 33. f5 f6 34. d7 fxe5 35. Rc8 Be7 36. Rxe5 Kf7 37. Re6 Rxa4 38. Rxd8 Bxd8 39. Re8 Bc7+ 40. Kg1 Rd4 41. Ra8 Rxd7 42. Rxa6 Bg3 43. Kf1 Re7 44. Ra1 Kf6 45. Ra6+ Kxf5 46. Ra5+ Kf4 47. Ra4+ Re4 48. Ra1 h5 49. Rb1 g5 50. Ra1 h4 51. Rb1 Ke5 52. Rb5+ Kd6 53. Rb1 Kc5 54. Rc1+ Kb4 55. Rb1+ Kc3 56. Rc1+ Kb2 57. Rd1 Kc2 58. Ra1 Re5 59. Kg1 Re1+ 60. Rxe1 Bxe1 61. Kh2 Kd2 62. Kh1 Ke2 63. Kg1 Bf2+ 64. Kh2 Kf1 65. Kh1 Bg1 0-1

[Event "Stuttgart-chA int"]
[Site "Ditzingen"]
[Date "2014.05.30"]
[Round "5"]
[White "Bergauz, Noam"]
[Black "Lorscheid, Gerhard"]
[Result "1/2-1/2"]
[WhiteElo "2147"]
[BlackElo "2252"]
[PlyCount "25"]
[EventDate "2014.05.29"]
[EventType "swiss"]
[EventRounds "7"]
[EventCountry "GER"]
[SourceTitle "EXT 2015"]
[Source "ChessBase"]
[SourceDate "2014.11.20"]
[SourceVersion "1"]
[SourceVersionDate "2014.11.20"]
[SourceQuality "1"]

1. e4 d6 2. d4 Nf6 3. Nc3 e5 4. Nge2 Be7 5. g3 Bg4 6. Qd3 exd4 7. Nxd4 Nc6 8. Bg2 0-0 9. 0-0 Nxd4 10. Qxd4 Qd7 11. Bf4 a6 12. Rfe1 Rfe8 13. e5 1/2-1/2